000 00635nam a2200229Ia 4500
003 OSt
005 20220918214405.0
006 a|||||r|||| 00| 0
007 ta
008 220917b |||||||| |||| 00| 0 eng d
024 _a137,229
037 _cTextual
040 _aARTS
_cARTS
_beng
041 _2eng
_aeng
082 _aQ2:26jN11, M2
100 _aMadan T N Ed.
_919757
245 0 _aWay of life King householder rehoncer
_b essays in honour of Louis
260 _aNew Delhi
_bVikas India
_c1982
650 _aRELIGION
942 _hQ2:26jN11, M2
_cTEXL
_2CC
999 _c260313
_d260313